Logo biblioteca
Santa Fe 2917, Rosario, Santa Fe
Lu-Vi 8 a 19.45
+54-341-4232362
bibliotecaeudoro@gmail.com
Facebook Biblioteca Pedagógica
Sitio web

Dinámicas del canon escolar en relación con otros cánones. Una propuesta para el Nivel Superior / (Registro nro. 32734)

Detalles MARC
000 -CABECERA
campo fijo de control de longitud 01731nab a2200265 4500
003 - IDENTIFICADOR DEL NÚMERO DE CONTROL
campo de control AR-RoBPED
005 - FECHA Y HORADE LA ULTIMA TRANSACCION
campo de control 20260508093254.0
008 - ELEMENTOS DE LONGITUD FIJA--INFORMACION GENERAL
campo fijo de control de longitud 260508b |||||||| |||| 00| 0 spa d
040 ## - FUENTE CATALOGADORA
Centro catalogador/agencia de origen AR-RoBPED
041 ## - IDIOMA
Código de idioma para texto/pista de sonido o título independiente spa
100 1# - ENCABEZAMIENTO PRINCIPAL--AUTOR PERSONAL
Nombre de persona Lumia, María Alejandra
9 (RLIN) 27293
Función Estudiante avanzada del profesorado y la licenciatura en Letras. Investigadora
245 1# - TITULO
Título Dinámicas del canon escolar en relación con otros cánones. Una propuesta para el Nivel Superior /
260 ## - PUBLICACION
Lugar Buenos Aires :
Editor Noveduc,
Fecha 2023
300 ## - DESCRIPCION FISICA
Extensión 36-41 p.
500 ## - NOTA GENERAL
Nota general El objetivo general del proyecto que aquí se presenta es indagar y reflexionar en torno al problema del "canon literario escolar" (clásicos, literatura infantil y juvenil, libro álbum, géneros "marginales") en diversos soportes y en relación con otros "canones". Para ello, la autora propone en el trabajo una secuencia de actividades pensadas para el nivel terciario o superior mediante las cuales los estudiantes/practicantes puedan acercarse a las dinámicas del campo del/los canon/cánones e identificar cruces y tensiones. La propuesta, entonces, es que logren reflexionar mediante el cruce de las experiencias propias y los aportes bibliográficos las prácticas de lectura y la selección literaria para la escuela secundaria.
650 #0 - TERMINO DE MATERIA--CONTROLADO
Término controlado NIVEL SUPERIOR
9 (RLIN) 28977
Término controlado LITERATURA
9 (RLIN) 244
Término controlado LECTURA
9 (RLIN) 160
Término controlado PROYECTOS EDUCACIONALES
9 (RLIN) 10572
Término controlado ACTIVIDADES DIDACTICAS
9 (RLIN) 18754
Término controlado EXPERIENCIA PEDAGOGICA
9 (RLIN) 3265
773 0# - DOCUMENTO FUENTE
Host Biblionumber 20414
Host Itemnumber 41865
Place, publisher, and date of publication Buenos Aires : Noveduc, 1993-
Título Novedades Educativas
Record control number (AR-RoBPED)20414
International Standard Serial Number 03283534
942 ## - ELEMENTOS KOHA
Fuente de clasificación Universal Decimal Classification
Koha tipo de ítem Revistas
Clasificación 37(05)
Signatura librística Nov 86 N° 390 (Sept.2023)
Número Koha k.32734
945 ## - PROCESAMIENTO DE LA INFORMACIÓN LOCAL
Catalogador y fecha mar 05/2026

No hay ítems disponibles.